| 000 | 00392nam a22001337a 4500 | ||
|---|---|---|---|
| 020 | _qPB. | ||
| 040 | _cFIZZA ISHAQ | ||
| 082 |
_a297 _bHAZ |
||
| 100 |
_aHUJWIRI,ALI BIN BAKHSH GANJ DATA HAZRAT. _9133245 |
||
| 245 |
_aKASHF UL MAHJOOB / _cHAZRAT DATA GANJ BAKHSH BIN ALI HUJWIRI. |
||
| 260 |
_aLAHORE,PAKISTAN; _bSERVICE BOOK CLUB, _c2014. |
||
| 300 |
_a526 P. ; _c8.1X5.3IN |
||
| 942 |
_2ddc _cBK |
||
| 999 |
_c616210 _d616210 |
||